[Event "40th Olympiad Open"]
[Site "Istanbul TUR"]
[Date "2012.09.04"]
[Round "7.13"]
[White "Stocek,J"]
[Black "Kadric,D"]
[Result "0-1"]
[WhiteElo "2569"]
[BlackElo "2418"]

1.d4 d6 2.e4 Nf6 3.Nc3 e5 4.Nf3 Nbd7 5.g3 Be7 6.Bg2 O-O 7.O-O c6 8.a4 Re8
9.Re1 Qc7 10.h3 h5 11.Be3 Bf8 12.Qd2 b6 13.Nh4 Bb7 14.Nf5 a6 15.Rad1 Rad8
16.dxe5 dxe5 17.Nd6 Re6 18.Nxb7 Qxb7 19.Qe2 b5 20.h4 Ree8 21.axb5 axb5 22.Bh3 g6
23.Bg5 Be7 24.Qf3 Kg7 25.Bxd7 Rxd7 26.Rxd7 Qxd7 27.Ra1 Qb7 28.Rd1 Ra8 29.Rd6 Ng4
30.Bxe7 Qxe7 31.Rxc6 Qb7 32.Rc5 b4 33.Nd5 Ra1+ 34.Kg2 Qa6 35.Qd3 Qa7 36.Qc4 Ra5  0-1

[Event "40th Olympiad Open"]
[Site "Istanbul TUR"]
[Date "2012.09.04"]
[Round "7.27"]
[White "Cuartas,Ja"]
[Black "Kazhgaleyev,M"]
[Result "1/2-1/2"]
[WhiteElo "2521"]
[BlackElo "2594"]

1.e4 d6 2.d4 Nf6 3.Nc3 e5 4.Nge2 Be7 5.g3 Nbd7 6.Bg2 c6 7.a4 b6 8.O-O Bb7
9.h3 h5 10.Be3 a6 11.f4 b5 12.d5 cxd5 13.Nxd5 O-O 14.Nec3 Nxd5 15.Nxd5 Bxd5
16.exd5 exf4 17.gxf4 Bf6 18.c3 Re8 19.Bf2 Bh4 20.Bd4 Bf6 21.Bf2 Bh4 22.Bd4 Bf6
23.Bf2  1/2-1/2

[Event "40th Olympiad Women"]
[Site "Istanbul TUR"]
[Date "2012.09.04"]
[Round "7.9"]
[White "Hakimifard,G"]
[Black "Machalova,V"]
[Result "1-0"]
[WhiteElo "2249"]
[BlackElo "2222"]

1.e4 d6 2.d4 Nf6 3.Nc3 e5 4.Nf3 Nbd7 5.Bc4 Be7 6.O-O O-O 7.Re1 a6 8.a4 b6
9.b3 Bb7 10.Bb2 h6 11.Qd2 c6 12.Bd3 Re8 13.Ne2 Bf8 14.Ng3 g6 15.Rad1 b5 16.axb5 axb5
17.c4 bxc4 18.Bxc4 Qa5 19.Bc3 Qc7 20.Qb2 Ba6 21.Nd2 Nh7 22.Ra1 Bb5 23.Bf1 Bxf1
24.Ngxf1 Bg7 25.Ne3 Nhf8 26.d5 Nc5 27.Qc2 Rxa1 28.Rxa1 Rc8 29.Ndc4 Rb8 30.Ba5 Qa7
31.Ra3 cxd5 32.Nxd5 Qd7 33.Bc7 Rb7 34.Bxd6 Nfe6 35.Bxe5 Nd4 36.Bxd4 Bxd4
37.b4 Ne6 38.Ra8+ Kh7 39.g3 Ng5 40.Qd3 Qg4 41.Qxd4 Nf3+ 42.Kh1 Nxd4 43.Nf6+ Kg7
44.Nxg4 Rxb4 45.Nge3 Ne2 46.Kg2 Rb1 47.f4  1-0

[Event "40th Olympiad Women"]
[Site "Istanbul TUR"]
[Date "2012.09.04"]
[Round "7.13"]
[White "Isgandarova,K"]
[Black "Srebrnic,A"]
[Result "1/2-1/2"]
[WhiteElo "2205"]
[BlackElo "2211"]

1.e4 d6 2.d4 Nf6 3.Nc3 e5 4.Nf3 Nbd7 5.Bc4 Be7 6.O-O O-O 7.h3 a6 8.a4 b6
9.Qe2 Bb7 10.dxe5 Nxe5 11.Nxe5 dxe5 12.Rd1 Qc8 13.Bg5 c6 14.Bb3 Qc7 15.Rd2 b5
16.Rad1 Rad8 17.axb5 axb5 18.Bh4 Rxd2 19.Rxd2 Rd8 20.Rxd8+ Qxd8 21.Qd1 Qxd1+
22.Nxd1 Kf8 23.f3 Nd7 24.Bxe7+ Kxe7 25.Ne3 g6 26.c3 Bc8 27.Kf2 Nc5 28.Bc2 Be6
29.Nd1 f6 30.Ke3 Bc4 31.g3 Be6  1/2-1/2

[Event "40th Olympiad Women"]
[Site "Istanbul TUR"]
[Date "2012.09.04"]
[Round "7.33"]
[White "Dekic,B"]
[Black "Abdelmenaem,Sohayla"]
[Result "1-0"]
[WhiteElo "2104"]
[BlackElo "1732"]

1.e4 d6 2.d4 Nf6 3.Nc3 Nbd7 4.Nf3 e5 5.h3 Be7 6.Be2 O-O 7.O-O c6 8.a4 Qc7
9.Be3 Re8 10.Qc1 Nf8 11.d5 Ng6 12.Rd1 Nh5 13.Nxe5 Nxe5 14.Bxh5 c5 15.Be2 a6
16.a5 Bf6 17.Qd2 Qe7 18.f3 Ng6 19.Rf1 Nh4 20.Na4 Nf5 21.Bf2 Nd4 22.Bd1 Nb5
23.c3 Nc7 24.Nb6 Rb8 25.Ba4 Rd8 26.Rfe1 Na8 27.Nxa8 Rxa8 28.Rac1 Rb8 29.b4 Qc7
30.g4 g6 31.Kg2 Bd7 32.Bxd7 Rxd7 33.h4 b6 34.axb6 Rxb6 35.bxc5 dxc5 36.Bg3 Be5
37.f4 Bg7 38.Rc2 Qb8 39.e5 Rdb7 40.Re2 a5 41.d6 Qc8 42.Qd5 Rb5 43.e6 fxe6
44.Rxe6 c4 45.Re8+  1-0

[Event "40th Olympiad Open"]
[Site "Istanbul TUR"]
[Date "2012.09.04"]
[Round "7.31"]
[White "Hansen,TR"]
[Black "Valdes,Le"]
[Result "1/2-1/2"]
[WhiteElo "2469"]
[BlackElo "2366"]

1.e4 d6 2.d4 Nf6 3.Nc3 e5 4.Nf3 exd4 5.Nxd4 Be7 6.Be2 O-O 7.O-O Re8 8.Re1 Bf8
9.Bg5 c6 10.Bf1 Nbd7 11.Nf5 Ne5 12.Qd4 h6 13.Bh4 Bxf5 14.exf5 Be7 15.Bg3 Bf8
16.Rad1 Qb6 17.Qxb6 axb6 18.a4 Ned7 19.Rxe8 Nxe8 20.b3 d5 21.Ne2 Nc5 22.f3 Nd6
23.Nd4 Re8 24.Bf2 Be7 25.Re1 Nd7 26.g4 Bf6 27.Rd1 Be5 28.Kg2 Nf6 29.h3 Nc8
30.Ne2 Bc7 31.Nc1 Kf8 32.Nd3 Bb8 33.Ra1 Bc7 34.Bd4 Nd7 35.Rd1 Nd6 36.Bf2 Nc8
37.Bd4 Kg8 38.Bf2 Bb8 39.Ra1 Bc7 40.Rd1 Nb8 41.Ra1 Bd8 42.Rd1 Na6 43.Bd4 Nd6
44.Be5 Nc8 45.Bd4 Nd6 46.Be5 Nc8 47.Bd4 Nd6  1/2-1/2

[Event "14th Trieste Open A"]
[Site "Trieste ITA"]
[Date "2012.09.04"]
[Round "5"]
[White "Santeramo,Alessia"]
[Black "Militello,M"]
[Result "1-0"]
[WhiteElo "1866"]
[BlackElo "1798"]

1.e4 d6 2.d4 Nf6 3.Nc3 Nbd7 4.Nf3 e5 5.Bc4 Be7 6.O-O O-O 7.Re1 c6 8.a4 a5
9.h3 Nb6 10.Bb3 Nfd7 11.Be3 exd4 12.Nxd4 Nc5 13.Nf5 Bxf5 14.exf5 Nxb3 15.cxb3 Re8
16.Qg4 Nd7 17.Qg3 d5 18.Rad1 Bf6 19.Bf4 Qb6 20.Ne4 Rxe4 21.Rxe4 dxe4 22.Rxd7 Re8
23.Qe3 Qxe3 24.Bxe3 Bxb2 25.Rxb7 g6 26.fxg6 hxg6 27.Rb6 Rc8 28.Bc5 Bc3 29.Kf1 Kg7
30.Ke2 f5 31.f3 exf3+ 32.Kxf3 Kf6 33.Rb7 Ke6 34.Be7 Bd2 35.Ke2 Bc3 36.Kd3 Be1
37.Kc4 Bf2 38.b4 axb4 39.Bxb4 Ra8 40.a5 Kf6 41.Rd7 Ra6 42.Kd3 Kg5 43.Bd2+ Kf6
44.g4 fxg4 45.hxg4 Bg1 46.Rd6+ Kf7 47.g5 Bh2 48.Rf6+ Ke7 49.Rxg6 Bc7 50.Rg7+ Kd8
51.g6 Bxa5 52.Bxa5+ Rxa5 53.Rb7 Rg5 54.g7 Kc8 55.Rf7  1-0

[Event "11th Istanbul Open A"]
[Site "Istanbul TUR"]
[Date "2012.09.05"]
[Round "6"]
[White "Primbetov,K"]
[Black "Semiev,S"]
[Result "1-0"]
[WhiteElo "2209"]
[BlackElo "2362"]

1.e4 d6 2.d4 Nf6 3.Nc3 c6 4.a4 g6 5.g3 Bg7 6.Bg2 O-O 7.Nge2 Bd7 8.h3 Na6
9.O-O e5 10.Be3 Nc7 11.Qd2 exd4 12.Bxd4 Qe7 13.Rad1 Nfe8 14.Bxg7 Kxg7 15.f4 f5
16.Rfe1 fxe4 17.Nxe4 d5 18.Ng5 Nd6 19.Nc3 Qf6 20.Nce4 Nxe4 21.Nxe4 Qd8 22.c4 Bf5
23.Nc3 Qf6 24.cxd5 Rad8 25.g4 Bc8 26.g5 Qf7 27.d6 Ne6 28.Ne4 Kh8 29.Qc3+ Qg7
30.Nf6 Nxf4 31.Re7 Rf7 32.Rde1 Be6 33.R1xe6 Nxe6 34.Rxe6 Qf8 35.Nxh7+ Kxh7
36.Qg3 Qg7 37.Qh4+ Kg8 38.Qe4 Kh7 39.h4 Rdf8 40.h5 Rf4 41.Rxg6 Rxe4 42.Rxg7+ Kxg7
43.Bxe4 Rd8 44.h6+ Kg8 45.g6 Rxd6 46.Bc2 Rd8 47.Bb3+ Kh8 48.Kf2 b5 49.a5 c5
50.Bf7 a6 51.Ke3 c4 52.Ke4 Rc8 53.Kd4 Rd8+ 54.Kc5 Rc8+ 55.Kd6 Rd8+ 56.Ke7 Rc8
57.Be8 b4 58.Kf8 Rxe8+ 59.Kxe8 Kg8  1-0

[Event "11th Istanbul Open A"]
[Site "Istanbul TUR"]
[Date "2012.09.05"]
[Round "6"]
[White "Ertugrul,Berkay"]
[Black "Marasli,T"]
[Result "0-1"]
[WhiteElo "1708"]
[BlackElo "2179"]

1.e4 d6 2.d4 Nf6 3.Nc3 Nbd7 4.f4 c5 5.Nf3 cxd4 6.Qxd4 e6 7.Be3 a6 8.a4 Be7
9.a5 O-O 10.Bc4 Qc7 11.b4 Ng4 12.Bd2 Bf6 13.Qd3 d5 14.exd5 Bxc3 15.Qxc3 exd5
16.Be2 Qxc3 17.Bxc3 Ne3 18.Kd2 Nf5 19.Bd3 Nb8 20.g4 Nd6 21.h3 Nc6 22.Rhe1 f5
23.g5 Ne4+ 24.Bxe4 fxe4 25.Nd4 Rxf4 26.Rh1 Rf2+ 27.Ke1 Rg2 28.Nxc6 bxc6 29.Bd2 d4
30.Bf4 Rxc2 31.Rd1 d3 32.Rc1 Re2+ 33.Kd1 Bd7 34.Re1 Rf8 35.Bg3 Rf3 36.Bd6 Rxe1+
37.Kxe1 d2+  0-1

[Event "11th Istanbul Open A"]
[Site "Istanbul TUR"]
[Date "2012.09.05"]
[Round "6"]
[White "Firman,N"]
[Black "Galmandakh,Badrakh"]
[Result "1-0"]
[WhiteElo "2535"]
[BlackElo "2253"]

1.e4 d6 2.d4 Nf6 3.Nc3 e5 4.Nf3 Nbd7 5.Bc4 Be7 6.O-O O-O 7.a4 c6 8.a5 Rb8
9.Qe2 exd4 10.Nxd4 Nc5 11.a6 Ncxe4 12.Nxe4 d5 13.axb7 Bxb7 14.Bf4 Ra8 15.Ba6 Bxa6
16.Rxa6 dxe4 17.Nxc6 Qe8 18.Nxe7+ Qxe7 19.Bd6 Qb7 20.Bxf8 Kxf8 21.b3 Nd5
22.Rfa1 Nf4 23.Qe3 Rd8 24.Qc5+ Kg8 25.Rxa7 Qb8 26.Qe7 Ne6 27.Qxf7+ Kh8 28.Re7 Qd6
29.h3 Qd1+ 30.Rxd1  1-0

[Event "40th Olympiad Women"]
[Site "Istanbul TUR"]
[Date "2012.09.05"]
[Round "8.23"]
[White "Aay,Aisyah Anisa"]
[Black "Avelar,G"]
[Result "1-0"]
[WhiteElo "1818"]
[BlackElo "1939"]

1.e4 d6 2.d4 Nf6 3.Nc3 Nbd7 4.Nf3 e5 5.g4 h6 6.Rg1 g5 7.Bc4 Bg7 8.dxe5 dxe5
9.Be3 Qe7 10.h4 Nc5 11.hxg5 Nxg4 12.Qd2 Bd7 13.gxh6 Bxh6 14.Bxh6 Nxh6 15.b4 Ne6
16.Nxe5 O-O-O 17.Nd5 Qd6 18.Nxd7 Rxd7 19.O-O-O Kb8 20.Qc3 Rhd8 21.Kb2 Qc6
22.Rd3 f5 23.Rgd1 Rd6 24.e5 Rxd5 25.Rxd5 Rg8 26.R5d3 a6 27.Qb3 Re8 28.b5 Qb6
29.Bxe6 Rxe6 30.f4 Ng4 31.a4 Nf2 32.Rd8+ Ka7 33.R1d7 Ne4 34.Rf7 Rg6 35.Rff8  1-0

[Event "40th Olympiad Women"]
[Site "Istanbul TUR"]
[Date "2012.09.05"]
[Round "8.14"]
[White "Narva,R"]
[Black "Borsuk,A"]
[Result "0-1"]
[WhiteElo "2042"]
[BlackElo "2266"]

1.e4 d6 2.d4 Nf6 3.Nc3 e5 4.Nf3 Nbd7 5.g4 Nxg4 6.Rg1 exd4 7.Qxd4 Nde5 8.Nxe5 Nxe5
9.Be2 c6 10.Be3 h5 11.O-O-O Bg4 12.f3 Nxf3 13.Bxf3 Bxf3 14.Rd2 Bg4 15.Bf4 Qb6
16.Qxb6 axb6 17.Bxd6 Bxd6 18.Rxd6 Ke7 19.Rd4 g6 20.Rb4 Ra6 21.Kd2 Be6 22.b3 Rb8
23.Ke3 b5 24.a4 bxa4 25.bxa4 b5 26.Rgb1 Rd8 27.Kf4 f6 28.h4 bxa4 29.Nxa4 Ra5
30.Rb7+ Rd7 31.Rxd7+ Kxd7 32.Nc3 Ra3 33.Rd1+ Ke7 34.Rd3 Ra1 35.Rg3 Bg4 36.Rg2 Ra3
37.Rg3 Ke6 38.Re3 Ra1 39.Ne2 Bxe2 40.Rxe2 Rg1 41.Kf3 Rg4 42.c4 Rxh4 43.Kg3 Rh1
44.Ra2 Rc1 45.Ra8 Rxc4 46.Kf4 Rc3 47.Re8+ Kf7  0-1

[Event "40th Olympiad Women"]
[Site "Istanbul TUR"]
[Date "2012.09.05"]
[Round "8.9"]
[White "Olsarova,T"]
[Black "Voiska,M"]
[Result "0-1"]
[WhiteElo "2241"]
[BlackElo "2281"]

1.e4 d6 2.d4 Nf6 3.Nc3 e5 4.Nf3 Nbd7 5.Bc4 Be7 6.O-O O-O 7.a4 a6 8.Qe2 exd4
9.Nxd4 Ne5 10.Ba2 c5 11.Nf5 Bxf5 12.exf5 Qd7 13.f4 Nc6 14.g4 Kh8 15.Qg2 Rae8
16.Rf3 Bd8 17.Be3 Nd4 18.Rg3 Nxg4 19.Rxg4 Rxe3 20.Rxg7 Nxf5 21.Nd5 Qe8 22.Rg4 h5  0-1

[Event "40th Olympiad Open"]
[Site "Istanbul TUR"]
[Date "2012.09.05"]
[Round "8.47"]
[White "Lim Yee Weng"]
[Black "Al Zayat,A"]
[Result "1-0"]
[WhiteElo "2287"]
[BlackElo "1977"]

1.e4 d6 2.d4 Nf6 3.Nc3 e5 4.Nf3 Nbd7 5.Bc4 Be7 6.O-O O-O 7.Re1 c6 8.a4 Nxe4
9.Nxe4 d5 10.Qe2 dxc4 11.dxe5 b5 12.Bf4 Nc5 13.Rad1 Qc7 14.Qe3 Nxe4 15.Qxe4 Be6
16.axb5 cxb5 17.Ng5 Bxg5 18.Bxg5 a5 19.Re3 h6 20.Bf6 gxf6 21.Rg3+ Kh8 22.Qf4 Kh7
23.Rg7+ Kxg7 24.exf6+ Kg6 25.Qxc7 Kxf6 26.f4 Kg6 27.h3 Rfc8 28.Qe5 Rd8 29.Rf1 Bd5
30.f5+ Kh7 31.Rf4 Bc6 32.Qf6  1-0

[Event "40th Olympiad Open"]
[Site "Istanbul TUR"]
[Date "2012.09.05"]
[Round "8.32"]
[White "Fernandez,Dan SIN"]
[Black "Hautot,S"]
[Result "1-0"]
[WhiteElo "2370"]
[BlackElo "2375"]

1.e4 d6 2.d4 Nf6 3.Nc3 Nbd7 4.g4 h6 5.f4 e5 6.Nf3 Nxg4 7.h3 Ngf6 8.dxe5 dxe5
9.fxe5 Nh5 10.Bc4 c6 11.Be3 Bb4 12.a3 Ba5 13.Qd2 Qe7 14.Bd4 Nf8 15.Qf2 Ne6
16.Bxa7 Ng3 17.Qxg3 Rxa7 18.Bxe6 Bxe6 19.Qxg7 Qf8 20.Qxf8+ Kxf8 21.Kd2 Ke7
22.b4 Rd8+ 23.Ke3 Bb6+ 24.Kf4 Bc7 25.Ke3 Bb6+ 26.Kf4 Bc7 27.Rhg1 Bxh3 28.Rg7 Raa8
29.Rh1 Be6 30.Rxh6 Rg8 31.Rxg8 Rxg8 32.Ne2 Rg4+ 33.Ke3 Bc4 34.Ned4 Bb6 35.a4 Rg2
36.Kf4 Rf2 37.Nf5+ Kd8 38.Rh2 Rf1 39.Nd6 Be6 40.a5 Bd4 41.Nxb7+ Kc7 42.Nc5 Bxc5
43.bxc5 Ra1 44.Rh7 Rxa5 45.Ng5 Kd7 46.Nxf7 Bxf7 47.Rxf7+ Ke8 48.Rh7 Rxc5
49.Rh2 Rc3 50.Kf5 Rg3 51.Rh8+ Ke7 52.Rh7+ Kd8 53.e6 Rc3 54.Kf6 Rf3+ 55.Ke5 Rf2
56.c4  1-0

[Event "World Youth U16 Olympiad 2012"]
[Site "Istanbul TUR"]
[Date "2012.09.05"]
[Round "10.14"]
[White "Moller,Sophus Mechlenburg"]
[Black "Hamdan,Marshool"]
[Result "1-0"]
[WhiteElo "1784"]
[BlackElo "1749"]

1.e4 d6 2.d4 Nf6 3.Nc3 Nbd7 4.Nf3 e5 5.dxe5 Nxe5 6.Nxe5 dxe5 7.Qxd8+ Kxd8
8.Bg5 c6 9.Bc4 Be6 10.O-O-O+ Kc7 11.Bxe6 fxe6 12.Rd3 Bb4 13.f3 h6 14.Bh4 Rad8
15.Rhd1 Rxd3 16.cxd3 Bc5 17.Bg3 Be3+ 18.Kc2 Bf4 19.Bxf4 exf4 20.Ne2 Nh5 21.d4 g5
22.Kd3 Rf8 23.h4 Rg8 24.hxg5 Rxg5 25.Rh1 Ng3 26.Nxg3 Rxg3 27.Rh2 h5 28.Kc3 Rg5
29.e5 b5 30.Kd3 c5 31.Ke4 c4 32.Kxf4 Rf5+ 33.Ke3 b4 34.g4 hxg4 35.fxg4 Rf7
36.Rc2 a5 37.Rxc4+ Kb6 38.g5 Rg7 39.Kf4 Rf7+ 40.Kg3 Rg7 41.Kg4 Rf7 42.Rc2 a4
43.g6 Rf1 44.Rg2 Rf8 45.g7 Rg8 46.Kh5 Kc6 47.Kg6 Kd5 48.Kf7  1-0

[Event "11th Kesarovski-Stanchev Mem"]
[Site "Sunny Beach BUL"]
[Date "2012.09.05"]
[Round "5.32"]
[White "Romanov,Se1"]
[Black "Ivelinov,H"]
[Result "0-1"]
[WhiteElo "2108"]
[BlackElo "2233"]

1.e4 d6 2.d4 Nf6 3.Nc3 e5 4.Nf3 Nbd7 5.Bc4 Be7 6.h3 c6 7.a4 O-O 8.O-O h6
9.Qe2 Re8 10.Rd1 Qc7 11.Be3 Nf8 12.d5 Ng6 13.a5 Nh5 14.Qd2 c5 15.a6 b6 16.Bb5 Bd7
17.g4 Nhf4 18.Kh2 Bxb5 19.Nxb5 Qd7 20.c4 Kh7 21.Rg1 h5 22.Rg3 hxg4 23.hxg4 Rh8
24.Rh1 Kg8+ 25.Kg1 Rxh1+ 26.Kxh1 Kh7 27.b3 Rh8 28.Kg1 Kg8 29.Nh2 Bh4 30.Rf3 Bg5
31.Rg3 Qe7 32.Nf3 Bh4 33.Rg2 Nxg2 34.Kxg2  0-1

[Event "FSFMA Sept 2012"]
[Site "Budapest HUN"]
[Date "2012.09.06"]
[Round "6.3"]
[White "Maehrlein,C"]
[Black "Hilbenz,G"]
[Result "1-0"]
[WhiteElo "2127"]
[BlackElo "1924"]

1.d4 d6 2.e4 Nf6 3.Nc3 e5 4.Nf3 exd4 5.Nxd4 Be7 6.g3 O-O 7.Bg2 Nc6 8.Nxc6 bxc6
9.O-O Rb8 10.b3 Nd7 11.Bb2 Bf6 12.f4 Re8 13.e5 dxe5 14.Ne4 Qe7 15.Nxf6+ gxf6
16.fxe5 Nxe5 17.Rf4 c5 18.Qh5 f5 19.Rh4 f6 20.Bd5+ Kh8 21.Bxe5 fxe5 22.Bf7  1-0

[Event "FSFMA Sept 2012"]
[Site "Budapest HUN"]
[Date "2012.09.06"]
[Round "6.5"]
[White "Letay,G"]
[Black "Langer,C1"]
[Result "1/2-1/2"]
[WhiteElo "1996"]
[BlackElo "2129"]

1.e4 d6 2.d4 Nf6 3.Nc3 e5 4.dxe5 dxe5 5.Qxd8+ Kxd8 6.Bg5 Be6 7.O-O-O+ Kc8
8.f3 c6 9.Kb1 Nbd7 10.Nge2 Kc7 11.g3 h6 12.Be3 Bc5 13.Bxc5 Nxc5 14.Bg2 b5
15.Nc1 Rhd8 16.N3e2 Bc4 17.b3 Bxe2 18.Nxe2 a5 19.Rxd8 Rxd8 20.Kc1 Ne6 21.Rd1 Rxd1+
22.Kxd1 Kd6 23.Kd2 Kc5 24.a3 Kd6  1/2-1/2

[Event "40th Olympiad Women"]
[Site "Istanbul TUR"]
[Date "2012.09.06"]
[Round "9.34"]
[White "Lacau Rodean,I"]
[Black "Abdelmenaem,Sohayla"]
[Result "1-0"]
[WhiteElo "1999"]
[BlackElo "1732"]

1.e4 d6 2.d4 Nf6 3.Nc3 Nbd7 4.f4 e5 5.Nf3 c6 6.Bc4 b5 7.Bxf7+ Kxf7 8.dxe5 b4
9.exf6 Nxf6 10.Ne2 Nxe4 11.Ng5+ Nxg5 12.fxg5 Be7 13.O-O+ Ke8 14.Ng3 Rf8 15.Qh5+ g6
16.Rxf8+ Kxf8 17.Qxh7 Qb6+ 18.Kh1 Qd4 19.Bf4 Ba6 20.Re1 Re8 21.Ne4 Be2 22.Nf6  1-0

[Event "40th Olympiad Women"]
[Site "Istanbul TUR"]
[Date "2012.09.06"]
[Round "9.48"]
[White "Sabure,O"]
[Black "Nasriddinzoda,M"]
[Result "0-1"]
[WhiteElo "1682"]
[BlackElo "2023"]

1.e4 d6 2.d4 Nf6 3.Nc3 e5 4.Bc4 Be7 5.Nf3 Nbd7 6.a4 O-O 7.Nh4 Nxe4 8.Nxe4 Bxh4
9.O-O Nf6 10.Ng5 Bxg5 11.Bxg5 exd4 12.Qxd4 Bf5 13.Qc3 h6 14.Bxf6 Qxf6 15.Qxf6 gxf6
16.Rfc1 Rfe8 17.Ra3 Re5 18.h3 Rae8 19.Rc3 Re1+ 20.Rxe1 Rxe1+ 21.Kh2 c6 22.Rf3 Bxc2
23.Rxf6 d5 24.Ba6 Kg7 25.Rd6 bxa6 26.Rxc6 Bxa4 27.Rxa6 Bb5 28.Rxa7 d4 29.Ra5 d3
30.Rxb5 d2 31.Rd5 d1=Q 32.Rxd1 Rxd1 33.h4 Rd2 34.f3 Rxb2 35.f4 h5 36.Kh3 Kg6
37.g3 Rb3  0-1

[Event "9th LGA Premium Cup"]
[Site "Nuernberg GER"]
[Date "2012.09.06"]
[Round "1.22"]
[White "Zude,A"]
[Black "Krah,M"]
[Result "1-0"]
[WhiteElo "2446"]
[BlackElo "2091"]

1.e4 d6 2.d4 Nf6 3.Nc3 e5 4.dxe5 dxe5 5.Qxd8+ Kxd8 6.Bg5 Be6 7.O-O-O+ Nd7
8.f4 exf4 9.Nf3 Kc8 10.Bxf4 Bc5 11.h3 h6 12.Nd4 Re8 13.Be2 c6 14.Bf3 Bb4
15.a3 Bxc3 16.bxc3 Nb6 17.Rhe1 Rd8 18.Be2 Rd7 19.c4 Kd8 20.e5 Ne4 21.Nxe6+ fxe6
22.Bd3 Nc5 23.Be3 Nba4 24.Rf1 Ke7 25.Rf3 Rf8 26.Rdf1 Rxf3 27.Rxf3 Rd8 28.Bg6 Rf8
29.Bf2 Rxf3 30.gxf3 b6 31.Kd2 Nd7 32.Bh4+ Kf8 33.f4 Nac5 34.Ke3 Nb7 35.Bh5 Na5
36.Kd3 Nc5+ 37.Kd4 Nab7 38.Bf3 Na5 39.Be1 Ncb7 40.h4 g6 41.h5 Kg7 42.Bg4 c5+
43.Kd3 Nd8 44.Bh4 Nac6 45.Ke4 Kf7 46.c3 Kg7 47.hxg6 Kxg6 48.f5+ exf5+ 49.Bxf5+ Kf7
50.Bg4 Ne7 51.Bd7 Ne6 52.Bf6 Nf8 53.Bg4 Ne6 54.Bh5+ Kf8 55.Be2 Kf7 56.Bg4 Nc7
57.Kd3 Nc6 58.Bf3 Ne7 59.Bb7 Ke6 60.Ke4 Ne8 61.Bd5+ Kd7 62.e6+ Kd8 63.Bh4 Nd6+
64.Ke5 Nc8 65.Kf6 Ke8 66.Bg3 b5 67.Bf4 Nb6 68.Bf3 Nxc4 69.Bh5+ Kd8 70.Kf7 Nf5
71.Kg6 Ne7+ 72.Kxh6 Nd5 73.Bg5+ Kc7 74.Bf3 Ncb6 75.Kg7 a5 76.Bd2 Kd6 77.Kf7 Nc8
78.Be2 b4 79.cxb4 cxb4 80.axb4 axb4 81.Bc4 Kc5 82.Bb3 Nc7 83.Be3+ Kb5 84.Bf4 Nxe6
85.Kxe6 Nb6 86.Ke5 Nc4+ 87.Kd4 Na5 88.Bf7 Ka4 89.Kd3 Nb7 90.Kc2 Nc5 91.Bd6 Nb7
92.Be8+ Ka3 93.Be7 Na5 94.Bf7 Nc6 95.Bc5 Ne5 96.Bd5 Nd7 97.Bd4 Nb8 98.Bb3 Nc6
99.Bb2+  1-0

[Event "FSFMB Sept 2012"]
[Site "Budapest HUN"]
[Date "2012.09.07"]
[Round "6.1"]
[White "Szabo,Mik"]
[Black "Barla,J"]
[Result "0-1"]
[WhiteElo "1340"]
[BlackElo "1774"]

1.e4 d6 2.d4 Nf6 3.Nc3 c6 4.f4 e6 5.Nf3 Be7 6.Be3 a5 7.a4 Na6 8.Bxa6 Rxa6
9.O-O Ng4 10.Bd2 b6 11.h3 Nf6 12.Re1 Qc7 13.Qe2 O-O 14.Nd1 Ra8 15.Nf2 Ba6
16.Qe3 Kh8 17.b3 Bb7 18.c4 Ng8 19.e5 d5 20.Rac1 Qd8 21.Kh2 c5 22.Bc3 dxc4
23.bxc4 Nh6 24.g4 Qc7 25.Bb2 Rad8 26.Rcd1 cxd4 27.Bxd4 Qxc4 28.Bxb6 Rxd1
29.Rxd1 Qxa4 30.Kg3 Bd5 31.Bc5 Ng8 32.Qc3 Rc8 33.Qd4 Qc2 34.Bxe7 Nxe7 35.Rd2 Qg6
36.Nh4 Qb1 37.Rd1 Rc1 38.Qa4 Rc3+ 39.Kh2 Qb2 40.Qd4 a4 41.Rd2 Qb3 42.Nd3 a3
43.Rd1 Qxd1 44.Qxc3 Qh1+ 45.Kg3 Qg1+ 46.Ng2 Qxg2+ 47.Kh4 Ng6+ 48.Kg5 h6+  0-1

[Event "11th Istanbul Open A"]
[Site "Istanbul TUR"]
[Date "2012.09.07"]
[Round "8"]
[White "Eden,Y"]
[Black "Galmandakh,Badrakh"]
[Result "1-0"]
[WhiteElo "1755"]
[BlackElo "2253"]

1.e4 d6 2.d4 Nf6 3.Nc3 e5 4.dxe5 dxe5 5.Qxd8+ Kxd8 6.Bc4 Be6 7.Bxe6 fxe6
8.f3 Bd6 9.Be3 Ke7 10.O-O-O a6 11.Nh3 b5 12.Nf2 c5 13.Rd2 Nc6 14.Rhd1 Nd4
15.Nb1 Rhd8 16.c3 Rac8 17.Ng4 b4 18.Bf2 b3 19.a4 Nc2 20.Ne3 Nxe3 21.Bxe3 c4
22.Bb6 Rd7 23.Be3 Ke8 24.Rxd6 Rxd6 25.Rxd6 Kf7 26.Na3 h6 27.Rxa6 g5 28.Nb5 Ke7
29.Ra7+ Nd7 30.Rc7 Rg8 31.g4 h5 32.Kd2 hxg4 33.fxg4 Rg7 34.a5 Kd8 35.a6 Rh7
36.Bxg5+ Ke8 37.h4 Rf7 38.Rc8+  1-0

[Event "40th Olympiad Open"]
[Site "Istanbul TUR"]
[Date "2012.09.07"]
[Round "10.26"]
[White "Steel,H"]
[Black "Cueto,Jo"]
[Result "1-0"]
[WhiteElo "2397"]
[BlackElo "2282"]

1.e4 d6 2.d4 Nf6 3.Nc3 e5 4.Nf3 Nbd7 5.Bc4 Be7 6.O-O O-O 7.a4 c6 8.Ba2 a5
9.Re1 exd4 10.Nxd4 Nc5 11.h3 Be6 12.Nxe6 fxe6 13.Qe2 Qb6 14.Be3 Kh8 15.Bxc5 Qxc5
16.Bxe6 Rae8 17.Qe3 Qe5 18.Bg4 Nxg4 19.hxg4 Rf4 20.g3 Rxg4 21.Kg2 Rf8 22.Rh1 Kg8
23.Raf1 Bf6 24.Rh3 Qg5 25.Qd3 Be5 26.Ne2 Qg6 27.f3 Qf7 28.c3 h5 29.Nd4 Rg6
30.Nf5 d5 31.Rfh1 dxe4 32.fxe4 Rg5 33.Qe2 Qb3 34.Qd2 Qxa4 35.b4 Bf6 36.Rxh5 Rxh5
37.Rxh5 axb4 38.e5 Rd8 39.Qe2 bxc3 40.Nd6 Qd4 41.exf6 Qxf6 42.Qc4+ Kf8 43.Ne4 Qg6
44.Rh8+ Ke7 45.Qb4+ Rd6 46.Nxd6 Qc2+ 47.Kh3 Qb2 48.Nc8+  1-0

[Event "40th Olympiad Open"]
[Site "Istanbul TUR"]
[Date "2012.09.07"]
[Round "10.73"]
[White "Cooper,Gar"]
[Black "Rowe,P"]
[Result "0-1"]
[WhiteElo "1893"]
[BlackElo "1987"]

1.e4 d6 2.d4 Nf6 3.Nc3 e5 4.dxe5 dxe5 5.Qxd8+ Kxd8 6.Bg5 Be6 7.O-O-O+ Nd7
8.f4 exf4 9.e5 h6 10.Bxf6+ gxf6 11.exf6 Bc5 12.Nf3 Ke8 13.Ne4 Be3+ 14.Kb1 Bf5
15.Bb5 Rd8 16.Nc3 c6 17.Bc4 Bg6 18.Rd6 Nb6 19.Rxd8+ Kxd8 20.Rd1+ Kc7 21.Bd3 Nd7
22.Ne4 Rd8 23.Nfd2 Ne5 24.Be2 Rd4 25.c3 Rxd2  0-1

[Event "40th Olympiad Open"]
[Site "Istanbul TUR"]
[Date "2012.09.07"]
[Round "10.16"]
[White "Sedlak,N"]
[Black "Kurmann,O"]
[Result "1-0"]
[WhiteElo "2549"]
[BlackElo "2469"]

1.e4 d6 2.d4 Nf6 3.Nc3 e5 4.Nf3 Nbd7 5.g4 Nxg4 6.Rg1 Ngf6 7.Be3 c6 8.Qd3 b5
9.O-O-O Qc7 10.Bh3 a6 11.Kb1 g6 12.Ng5 Bg7 13.f4 exf4 14.Bxf4 Nh5 15.Bc1 O-O
16.Nxh7 Kxh7 17.Rg5 Nhf6 18.e5 dxe5 19.Bf5 e4 20.Nxe4 Nxe4 21.Qxe4 Nf6 22.Qh4+ Kg8
23.Bxg6 fxg6 24.Rxg6 Bf5 25.Rg5 Nh7 26.Rg3 Kh8 27.Rdg1 Bf6 28.Qh5 Bxd4 29.Rd1 Be5
30.Re3 Bf4 31.Rf3 Be4 32.Rxf4 Rxf4 33.b3 Rf2 34.Bb2+ Kg8 35.Qg4+ Kf8 36.Qxe4 Re8
37.Qg6 Qf7 38.Qh6+  1-0

[Event "40th Olympiad Women"]
[Site "Istanbul TUR"]
[Date "2012.09.07"]
[Round "10.28"]
[White "Boyarchenko,V"]
[Black "Narva,T"]
[Result "0-1"]
[WhiteElo "1755"]
[BlackElo "2028"]

1.e4 d6 2.d4 Nf6 3.Nc3 e5 4.dxe5 dxe5 5.Qxd8+ Kxd8 6.Bg5 Be6 7.O-O-O+ Nd7
8.Nf3 Bd6 9.Bb5 Kc8 10.h3 a6 11.Bxd7+ Nxd7 12.a3 f6 13.Be3 b5 14.Rd2 b4 15.axb4 Bxb4
16.Rdd1 c6 17.Ne2 Kc7 18.c3 Be7 19.Kc2 Rhb8 20.Ra1 a5 21.Nh4 g6 22.g3 Bb3+
23.Kb1 a4 24.Nc1 a3 25.bxa3 Bd1+ 26.Nb3 Bxb3 27.Kc1 Rxa3 28.Kd2 Bc4 29.Rxa3 Rb2+
30.Kd1 Bxa3 31.Rh2 Bb3+ 32.Ke1 Rb1+ 33.Kd2 Bc1+ 34.Ke2 Rb2+ 35.Kf3 Bd1+ 36.Kg2 Bxe3  0-1

[Event "9th LGA Premium Cup"]
[Site "Nuernberg GER"]
[Date "2012.09.07"]
[Round "2.10"]
[White "Afek,Y"]
[Black "Kunin,V"]
[Result "1/2-1/2"]
[WhiteElo "2301"]
[BlackElo "2511"]

1.e4 d6 2.d4 Nf6 3.Nc3 Nbd7 4.g4 h6 5.h3 e5 6.Nge2 c6 7.Bg2 b5 8.d5 cxd5
9.Nxd5 Nxd5 10.Qxd5 Rb8 11.Be3 Be7 12.Ng3 O-O 13.Qd2 Nb6 14.b3 Be6 15.Rd1 Rc8
16.Nf5 Bxf5 17.gxf5 Qc7 18.Bxh6 Qxc2 19.Be3 Qxd2+ 20.Kxd2 d5 21.exd5 Rfd8
22.Rc1 Rxc1 23.Rxc1 Nxd5 24.Bxd5 Rxd5+ 25.Ke2 a6 26.Rc8+ Kh7 27.Rc7 Bf6 28.f3 Kg8
29.Ra7 Rd6 30.Bc5 Rd5 31.b4 Bg5 32.Rxa6 Rd2+ 33.Kf1 Rd1+ 34.Ke2 Rd2+ 35.Ke1 Rd3
36.Ra5 Rxf3 37.Rxb5 Rxh3 38.Rb8+ Kh7 39.Re8 Ra3 40.Rxe5 Rxa2 41.Re2 Rxe2+
42.Kxe2 g6 43.b5 Bd8 44.f6 Bxf6 45.b6 Bd8 46.b7 Bc7 47.Kd3 g5 48.Ke4 g4 49.Be3 g3
50.Kf3 Bb8 51.Bg5 f5 52.Bh4 f4 53.Bg5 Bc7 54.Bxf4  1/2-1/2

[Event "9th LGA Premium Cup"]
[Site "Nuernberg GER"]
[Date "2012.09.07"]
[Round "2.65"]
[White "Zahn,Alina"]
[Black "Krauss,Jo"]
[Result "0-1"]
[WhiteElo "1884"]
[BlackElo "2125"]

1.e4 d6 2.d4 Nf6 3.Nc3 Nbd7 4.Nf3 e5 5.Bc4 Be7 6.a4 O-O 7.O-O c6 8.h3 Nxe4
9.Bxf7+ Rxf7 10.Nxe4 exd4 11.Nfg5 Bxg5 12.Bxg5 Qf8 13.Qxd4 d5 14.Ng3 Nc5
15.Be3 Ne6 16.Qd3 Nf4 17.Qd2 Ng6 18.Rae1 Ne5 19.Qc3 Ng6 20.Re2 b6 21.Rfe1 Ba6
22.Rd2 Bb7 23.Rde2 c5 24.Bc1 Nh4 25.Qd3 a5 26.b3 d4 27.Ne4 Ba6 28.Qg3 Nf5
29.Qg4 Bxe2 30.Rxe2 Re8 31.Qh5 Rfe7 32.Qg4 Ne3 33.fxe3 Rxe4 34.Qg5 R8e5 35.Qg3 Qe7
36.Kh2 Re6 37.Qb8+ Qe8 38.Qg3 Rf6 39.Qg5 Qe5+ 40.Qxe5 Rxe5 41.Kg3 dxe3 42.Rxe3 Rxe3+
43.Bxe3 Kf7 44.h4 Ke6 45.c4 Rf1  0-1